Geography Quiz

Random Geography or City Quiz

'C' US Cities Quiz Stats

 Plays Quiz Updated Mar 5, 2019

Score 0/27 Timer 05:00
3 Plays Today
Population City % Correct
2,716,450Chicago
96.6%
301,301Cincinnati
79.4%
879,170Columbus
78.6%
194,058Columbus
78.6%
385,525Cleveland
78%
859,035Charlotte
65.8%
134,875Charleston
64.9%
133,118Columbia
63.2%
121,717Columbia
62.9%
464,474Colorado Springs
46.3%
325,605Corpus Christi
38.2%
179,139Chattanooga
34.4%
129,783Concord
34.2%
113,596Cambridge
25.1%
Population City % Correct
270,471Chula Vista
21.6%
132,228Cedar Rapids
20.9%
240,397Chesapeake
19.8%
253,458Chandler
18.6%
115,330Carlsbad
15%
153,203Clarksville
14.2%
115,513Clearwater
13.5%
167,836Corona
12.6%
183,365Cape Coral
12.6%
165,904Cary
12.4%
133,037Coral Springs
10.8%
113,825Costa Mesa
10.2%
135,710Carrollton
7.4%

You're not logged in!

Compare scores with friends on all Sporcle quizzes.
OR
Log In

Show Comments

Extras

Top Quizzes Today


Score Distribution

Your Account Isn't Verified!

In order to create a playlist on Sporcle, you need to verify the email address you used during registration. Go to your Sporcle Settings to finish the process.

Report this User

Report this user for behavior that violates our Community Guidelines.

Details: